<Le> vendeur-partenaire <une> valeur pour le client, l'entreprise et le vendeur

Salvato in:
Dettagli Bibliografici
Autore principale: Benoit, Claude
Altri autori: Vallet, Michel
Natura: Libro
Lingua:francese
Pubblicazione: Grenoble Presses Universitaires de Grenoble 2007
Serie:Gestion en +
Soggetti:
Tags: Aggiungi Tag
Nessun Tag, puoi essere il primo ad aggiungerne!!

MARC

LEADER 00000nam a2200000 4500
001 0147005
005 20231215114836.6
020 |a 978-2-7061-1364-2 
041 0 |a fre 
044 |a FR 
245 1 0 |a <Le> vendeur-partenaire  |b <une> valeur pour le client, l'entreprise et le vendeur  |c Claude Benoit, Michel Vallet 
264 1 |a Grenoble  |b Presses Universitaires de Grenoble  |c 2007 
300 |a 122 s. 
490 1 |a Gestion en + 
830 0 |a Gestion en + 
610 2 0 |a predaj 
610 2 0 |a prostredie ekonomické 
610 2 0 |a trh 
610 2 0 |a globalizácia 
610 2 0 |a transformácia podniku 
610 2 0 |a technológie informačné 
610 2 0 |a predajcovia 
610 2 0 |a partneri obchodní 
610 2 0 |a klienti 
100 1 |a Benoit, Claude 
700 1 |a Vallet, Michel